Identification and mapping on chromosome 9 of RAPD markers linked to Sw-5 in tomato by bulked segregant analysis (Record no. 60594)

MARC details
000 -LEADER
fixed length control field 00642nam a2200217Ia 4500
100 ## - MAIN ENTRY--AUTHOR NAME
Personal name Chague V
245 #0 - TITLE STATEMENT
Title Identification and mapping on chromosome 9 of RAPD markers linked to Sw-5 in tomato by bulked segregant analysis
260 ## - PUBLICATION, DISTRIBUTION, ETC. (IMPRINT)
Name of publisher Theoretical and Applied Genetics
Year of publication 1996
300 ## - PHYSICAL DESCRIPTION
Number of Pages 1045-1051
650 ## - SUBJECT ADDED ENTRY--TOPICAL TERM
Topical Term Bulked segregant analysis
650 ## - SUBJECT ADDED ENTRY--TOPICAL TERM
Topical Term Marker-assisted selection
650 ## - SUBJECT ADDED ENTRY--TOPICAL TERM
Topical Term RAPD markers
650 ## - SUBJECT ADDED ENTRY--TOPICAL TERM
Topical Term Tomato
650 ## - SUBJECT ADDED ENTRY--TOPICAL TERM
Topical Term TSWV resistance gene
700 ## - ADDED ENTRY--PERSONAL NAME
Personal name De Courcel A
700 ## - ADDED ENTRY--PERSONAL NAME
Personal name Guenard M
700 ## - ADDED ENTRY--PERSONAL NAME
Personal name Mercier J C
700 ## - ADDED ENTRY--PERSONAL NAME
Personal name Vedel F
942 ## - ADDED ENTRY ELEMENTS (KOHA)
Koha item type Journals
Holdings
Withdrawn status Lost status Damaged status Not for loan Home library Current library Shelving location Date acquired Serial Enumeration / chronology Koha item type
      Journals RRII Library RRII Library RAPD 17/12/2021 Volume 92, Issue 8 Journals